Diseño de un sistema de extracción de polvo de impurezas de arroz en una planta procesadora
Salvato in:
| Autore principale: | |
|---|---|
| Natura: | Libro |
| Pubblicazione: |
San José, C.R.
1997
|
| Soggetti: | |
| Tags: |
Aggiungi Tag
Nessun Tag, puoi essere il primo ad aggiungerne!!
|
MARC
| LEADER | 00000nam a2200000Ia 4500 | ||
|---|---|---|---|
| 003 | 008520 | ||
| 005 | 20221231144222.0 | ||
| 008 | 140114s1997 cr a m 000 ||s d | ||
| 040 | |c cru CEDI | ||
| 090 | |a TFG 3875 | ||
| 100 | |a Madrigal Sanabria, José Ricardo |9 8939 | ||
| 245 | |a Diseño de un sistema de extracción de polvo de impurezas de arroz en una planta procesadora | ||
| 260 | |c 1997 |a San José, C.R. | ||
| 300 | |a ix, [129] hojas : ilustraciones (algunas a color) | ||
| 500 | |a Proyecto de graduación (licenciatura en ingeniería agrícola)--Universidad de Costa Rica. Facultad de Ingeniería. Escuela de Ingeniería Agrícola | ||
| 650 | |x VENTILACION |x ARROZ - PROCESAMIENTO |9 8940 | ||
| 942 | |c TFG | ||
| 999 | |c 18601 |d 18601 | ||
